00358nam a2200121Ia 4500008004100000041000800041082001400049100001700063245006600080260003300146300001600179520004100195240719s9999 xx 000 0 und d aeng a657.3 YOU aYoung, David aCorporate Financial Reporting And Analysis Global Perspective aNew DelhibWiley Indiac2013 a462;. 24 Cm aGifted By : IMT Faculty Dr.Pawan sir